<?xml version="1.0" encoding="UTF-8"?><?xml-stylesheet type="text/xsl" href="static/style.xsl"?><OAI-PMH xmlns="http://www.openarchives.org/OAI/2.0/" xmlns:xsi="http://www.w3.org/2001/XMLSchema-instance" xsi:schemaLocation="http://www.openarchives.org/OAI/2.0/ http://www.openarchives.org/OAI/2.0/OAI-PMH.xsd"><responseDate>2026-06-04T22:56:49Z</responseDate><request verb="GetRecord" identifier="oai:riuma.uma.es:10630/46754" metadataPrefix="marc">https://riuma.uma.es/rest/oai/request</request><GetRecord><record><header><identifier>oai:riuma.uma.es:10630/46754</identifier><datestamp>2026-05-29T23:45:24Z</datestamp><setSpec>com_10630_2254</setSpec><setSpec>col_10630_37959</setSpec></header><metadata><record xmlns="http://www.loc.gov/MARC21/slim" xmlns:dcterms="http://purl.org/dc/terms/" xmlns:doc="http://www.lyncode.com/xoai" xmlns:xsi="http://www.w3.org/2001/XMLSchema-instance" xsi:schemaLocation="http://www.loc.gov/MARC21/slim http://www.loc.gov/standards/marcxml/schema/MARC21slim.xsd">
   <leader>00925njm 22002777a 4500</leader>
   <datafield ind2=" " ind1=" " tag="042">
      <subfield code="a">dc</subfield>
   </datafield>
   <datafield ind2=" " ind1=" " tag="720">
      <subfield code="a">Sánchez-Moreno, Víctor</subfield>
      <subfield code="e">author</subfield>
   </datafield>
   <datafield ind2=" " ind1=" " tag="720">
      <subfield code="a">Cavas-Toledo, María Luisa</subfield>
      <subfield code="e">author</subfield>
   </datafield>
   <datafield ind2=" " ind1=" " tag="260">
      <subfield code="c">2026-05-14</subfield>
   </datafield>
   <datafield ind2=" " ind1=" " tag="520">
      <subfield code="a">Aunque se han identificado posibles vínculos entre calidad del sueño, uso problemático de redes sociales y ciberacoso, la comprensión de cómo estos factores se relacionan a lo largo del tiempo sigue siendo limitada. Este estudio tuvo como objetivo analizar de forma prospectiva la interacción entre estas variables con la finalidad de orientar futuras acciones preventivas. 335 adolescentes (46,9% chicos) de entre 12 y 17 años (M = 13,34, SD = 1,06) completaron medidas autoinformadas de uso redes sociales, calidad del sueño y conductas de ciberacoso en dos momentos temporales (9 meses entre ambos). Se aplicó un análisis de mediación siguiendo el procedimiento de la macro PROCESS para SPSS. Los resultados mostraron que el uso problemático de redes sociales predijo una mayor implicación en conductas de ciberacoso, tanto de manera directa como mediado por un deterioro en la calidad del sueño. Estos hallazgos subrayan la relevancia del descanso nocturno y sugieren que la relación entre ambos fenómenos puede explicarse en parte por la calidad de sueño. Se destaca la importancia de incorporar estrategias de higiene del sueño y de promoción de un uso saludable de redes sociales en programas preventivos para adolescentes.</subfield>
   </datafield>
   <datafield ind1="8" ind2=" " tag="024">
      <subfield code="a">https://hdl.handle.net/10630/46754</subfield>
   </datafield>
   <datafield tag="653" ind2=" " ind1=" ">
      <subfield code="a">Adolecentes - Psicología</subfield>
   </datafield>
   <datafield tag="653" ind2=" " ind1=" ">
      <subfield code="a">Redes sociales en internet</subfield>
   </datafield>
   <datafield tag="653" ind2=" " ind1=" ">
      <subfield code="a">Ciberacoso - Prevención</subfield>
   </datafield>
   <datafield tag="653" ind2=" " ind1=" ">
      <subfield code="a">Sueño - Trastornos en adolescentes</subfield>
   </datafield>
   <datafield ind2="0" ind1="0" tag="245">
      <subfield code="a">De las redes al descanso: Cómo el sueño explica la relación entre uso problemático de redes sociales y ciberacoso.</subfield>
   </datafield>
</record>
</metadata></record></GetRecord></OAI-PMH>